000 00717nam a2200193 a 4500
001 000046486
005 20210324134616.0
008 150819s2013 dr 000 0 spa d
020 _a9789945008746
040 _aDO-SdBNP
_bspa
_cBNPHU
082 _azzz
_bR628l
100 1 _aRoa Ogando, Gerardo
_974487
245 1 0 _aLingüística cosmológica :
_buna introducción a los estudios complejos del lenguaje /
_cGerardo Augusto Roa Ogando.
260 _aSanto Domingo :
_bSoto Castillo,
_c2013.
300 _a324 p. ;
_c24 cm.
500 _aIncluye datos biográficos del autor en la solapa de la cubierta
504 _aBibliografía : p. 313-324
590 _aLos tres ejemplares estan dedicado a la Biblioteca Nacional
999 _c45975
_d45975